Shock and the senseless in Dada and Fluxus / (Record no. 600165)
[ view plain ]
| 000 -LEADER | |
|---|---|
| fixed length control field | 00406nam a2200121Ia 4500 |
| 008 - FIXED-LENGTH DATA ELEMENTS--GENERAL INFORMATION | |
| fixed length control field | 230907s9999||||xx |||||||||||||| ||und|| |
| 082 ## - DEWEY DECIMAL CLASSIFICATION NUMBER | |
| Classification number | 709.04062 |
| Author Mark | BRI |
| 100 ## - MAIN ENTRY--PERSONAL NAME | |
| Personal name | Brill, Dorothée. |
| 9 (RLIN) | 115925 |
| 245 #0 - TITLE STATEMENT | |
| Title | Shock and the senseless in Dada and Fluxus / |
| 260 ## - PUBLICATION, DISTRIBUTION, ETC. | |
| Place of publication, distribution, etc. | Dartmouth College Press : | Published by University Press of New England, |
| Name of publisher, distributor, etc. | Hanover, N.H. : |
| Date of publication, distribution, etc. | 2010 |
| 300 ## - PHYSICAL DESCRIPTION | |
| Extent | vii, 243 p. : |
| 942 ## - ADDED ENTRY ELEMENTS (KOHA) | |
| Koha item type | Book |
| Withdrawn status | Lost status | Damaged status | Not for loan | Permanent Location | Current Location | Date acquired | Total Checkouts | Full call number | Barcode | Date last seen | Price effective from | Koha item type |
|---|---|---|---|---|---|---|---|---|---|---|---|---|
| US-Pakistan Center for Advanced Studies in Energy (USPCAS-E) | US-Pakistan Center for Advanced Studies in Energy (USPCAS-E) | 10/28/2019 | 709.04062 BRI | CAS-E0004264 | 09/12/2023 | 09/12/2023 | Book |
